000
00183 a2200097 4500
020
_a
1567661351
041
_a
spa
100
_a
Riehecky, Janet
245
_a
Braquiosaurio
942
_c
BK
999
_c
30078
_d
30076